| 000 | 00762nam a2200205Ii 4500 | ||
|---|---|---|---|
| 003 | JO-AjNU | ||
| 008 | 230605s9999||||xx |||||||||||||| ||und|| | ||
| 040 |
_aJO-AjNU _bara _erda _cJO-AjNU |
||
| 041 | _aara | ||
| 050 | 1 | 4 | _aPJ 6101 .S85 2007 |
| 100 | 3 |
_aتأليف جلال الدين عبد الرحمن بن أبي بكر السيوطي ؛ وضع حواشيه غريد الشيخ, _eauthor _927025 |
|
| 245 | 0 | 0 | _aالأشباه و النظائر في النحو |
| 250 | _aط2 | ||
| 264 | 3 | 1 | _aبيروت: دار الكتب العلمية، 2007 |
| 300 | _aم2،(3-4)، 334ص | ||
| 336 |
_atext _btxt _2rdacontent |
||
| 337 |
_aunmediated _bn _2rdamedia |
||
| 338 |
_avolume _bnc _2rdacarrier |
||
| 650 | 4 |
_aاللغة العربية -- النحو _927026 |
|
| 999 |
_aA10314 _c13882 _d13882 |
||